Mô hình toán ứng dụng : Có hướng dẫn sử dụng phần mềm

Quyển sách trình bày cơ sở toán học của các công cụ phân tích mô hình, với sự giúp đỡ của các phần mềm và các bảng tính. Khai thác các phần mềm GAMSID, POM, MH4 và bảng tính excel thông qua máy tính điện tử...

Täydet tiedot

Tallennettuna:
Bibliografiset tiedot
Päätekijä: Ngô, Văn Thứ
Aineistotyyppi: Kirja
Kieli:Undetermined
Julkaistu: Hà Nội Khoa học và Kỹ thuật 2005
Aiheet:
Tagit: Lisää tagi
Ei tageja, Lisää ensimmäinen tagi!
Thư viện lưu trữ: Trung tâm Học liệu Trường Đại học Cần Thơ
LEADER 00930nam a2200217Ia 4500
001 CTU_92487
008 210402s9999 xx 000 0 und d
020 |c 34000 
082 |a 005.1 
082 |b Th550 
100 |a Ngô, Văn Thứ 
245 0 |a Mô hình toán ứng dụng : 
245 0 |b Có hướng dẫn sử dụng phần mềm 
245 0 |c Ngô Văn Thứ 
260 |a Hà Nội 
260 |b Khoa học và Kỹ thuật 
260 |c 2005 
520 |a Quyển sách trình bày cơ sở toán học của các công cụ phân tích mô hình, với sự giúp đỡ của các phần mềm và các bảng tính. Khai thác các phần mềm GAMSID, POM, MH4 và bảng tính excel thông qua máy tính điện tử 
650 |a Computer algorithms 
904 |i Trúc 
980 |a Trung tâm Học liệu Trường Đại học Cần Thơ